[Event "European Women's Championship"]
[Site "Vysoke Tatry"]
[Date "2018.04.16"]
[Round "8"]
[White "Ozturk, Kubra"]
[Black "Melia, Salome"]
[Result "1/2-1/2"]
[Board "26"]
[WhiteElo "2295"]
[WhiteTitle "WGM"]
[WhiteCountry "TUR"]
[WhiteFideId "6302599"]
[WhiteEloChange "3"]
[BlackElo "2411"]
[BlackTitle "IM"]
[BlackCountry "GEO"]
[BlackFideId "13602446"]
[BlackEloChange "-2"]

1. d4 {[%clk 1:30:55]} Nf6 {[%clk 1:30:48]} 2. Nf3 {[%clk 1:31:10]} g6 {[%clk
1:29:54]} 3. c4 {[%clk 1:30:20]} d6 {[%clk 1:29:56]} 4. Nc3 {[%clk 1:29:47]} Bf5
{[%clk 1:28:38]} 5. Nh4 {[%clk 1:21:30]} Bd7 {[%clk 1:27:58]} 6. e4 {[%clk
1:21:22]} Bg7 {[%clk 1:27:32]} 7. Be2 {[%clk 1:19:20]} e5 {[%clk 1:27:22]} 8.
dxe5 {[%clk 1:08:25]} dxe5 {[%clk 1:27:45]} 9. Nf3 {[%clk 1:08:31]} Nc6 {[%clk
1:26:36]} 10. O-O {[%clk 1:07:52]} O-O {[%clk 1:24:39]} 11. Be3 {[%clk 1:00:13]}
Qc8 {[%clk 1:20:34]} 12. b4 {[%clk 0:51:15]} Bg4 {[%clk 1:09:43]} 13. b5 {[%clk
0:46:16]} Rd8 {[%clk 0:48:31]} 14. Nd5 {[%clk 0:37:55]} Nxd5 {[%clk 0:48:42]} 15.
cxd5 {[%clk 0:37:07]} Bxf3 {[%clk 0:48:55]} 16. Bxf3 {[%clk 0:36:55]} Nd4 {[%clk
0:49:21]} 17. Bxd4 {[%clk 0:36:16]} exd4 {[%clk 0:49:49]} 18. Re1 {[%clk
0:30:10]} Re8 {[%clk 0:45:05]} 19. Rc1 {[%clk 0:28:47]} Qd7 {[%clk 0:44:59]} 20.
Qc2 {[%clk 0:26:26]} Re7 {[%clk 0:42:01]} 21. Qc5 {[%clk 0:24:01]} Rae8 {[%clk
0:35:24]} 22. Red1 {[%clk 0:17:17]} f5 {[%clk 0:34:31]} 23. exf5 {[%clk 0:16:30]}
Qxf5 {[%clk 0:34:55]} 24. h3 {[%clk 0:15:12]} h5 {[%clk 0:28:28]} 25. Qc4 {[%clk
0:04:01]} Kh8 {[%clk 0:24:21]} 26. d6 {[%clk 0:04:24]} cxd6 {[%clk 0:24:09]} 27.
Qd5 {[%clk 0:04:39]} Be5 {[%clk 0:15:25]} 28. Rc4 {[%clk 0:03:52]} Qf6 {[%clk
0:10:28]} 29. Rdc1 {[%clk 0:03:50]} Bf4 {[%clk 0:08:40]} 30. Rf1 {[%clk 0:04:18]}
Be5 {[%clk 0:07:05]} 31. Rfc1 {[%clk 0:04:46]} Kh7 {[%clk 0:03:35]} 32. Rc8
{[%clk 0:04:31]} Rxc8 {[%clk 0:02:29]} 33. Rxc8 {[%clk 0:04:59]} Rf7 {[%clk
0:02:10]} 34. Rb8 {[%clk 0:04:00]} b6 {[%clk 0:00:39]} 35. Qxf7+ {[%clk 0:02:50]}
Qxf7 {[%clk 0:01:07]} 36. Rb7 {[%clk 0:03:19]} Qxb7 {[%clk 0:01:04]} 37. Bxb7
{[%clk 0:03:48]} d3 {[%clk 0:01:10]} 38. Kf1 {[%clk 0:04:15]} Kg7 {[%clk
0:00:57]} 39. Be4 {[%clk 0:04:36]} d2 {[%clk 0:01:22]} 40. Ke2 {[%clk 0:35:01]}
Bc3 {[%clk 0:31:21]} 41. g4 {[%clk 0:25:51]} hxg4 {[%clk 0:27:17]} 42. hxg4
{[%clk 0:26:20]} g5 {[%clk 0:27:39]} 43. Bf3 {[%clk 0:24:45]} Kf6 {[%clk
0:26:34]} 44. Kd3 {[%clk 0:25:02]} Ba5 {[%clk 0:24:17]} 45. Kd4 {[%clk 0:24:56]}
Bb4 {[%clk 0:23:35]} 46. Kd5 {[%clk 0:24:36]} Bc5 {[%clk 0:23:08]} 47. Bd1 {[%clk
0:24:52]} Bxf2 {[%clk 0:22:34]} 48. Kxd6 {[%clk 0:25:16]} Bc5+ {[%clk 0:22:47]}
49. Kd5 {[%clk 0:25:44]} 1/2-1/2

[Event "European Women's Championship"]
[Site "Vysoke Tatry"]
[Date "2018.04.16"]
[Round "8"]
[White "Kursova, Maria"]
[Black "Mkrtchian, Lilit"]
[Result "1/2-1/2"]
[Board "27"]
[WhiteElo "2278"]
[WhiteTitle "WGM"]
[WhiteCountry "ARM"]
[WhiteFideId "4129709"]
[WhiteEloChange "3"]
[BlackElo "2403"]
[BlackTitle "IM"]
[BlackCountry "ARM"]
[BlackFideId "13300601"]
[BlackEloChange "-2"]

1. d4 {[%clk 1:30:56]} d5 {[%clk 1:30:38]} 2. c4 {[%clk 1:31:05]} e6 {[%clk
1:30:33]} 3. Nc3 {[%clk 1:30:55]} Be7 {[%clk 1:30:23]} 4. cxd5 {[%clk 1:29:57]}
exd5 {[%clk 1:30:40]} 5. Bf4 {[%clk 1:29:39]} c6 {[%clk 1:30:03]} 6. e3 {[%clk
1:29:07]} Bf5 {[%clk 1:29:40]} 7. Bd3 {[%clk 1:27:44]} Bxd3 {[%clk 1:29:06]} 8.
Qxd3 {[%clk 1:28:05]} Bd6 {[%clk 1:29:09]} 9. Bxd6 {[%clk 1:28:04]} Qxd6 {[%clk
1:29:32]} 10. Nf3 {[%clk 1:28:06]} Nd7 {[%clk 1:29:36]} 11. O-O {[%clk 1:27:39]}
Ngf6 {[%clk 1:29:44]} 12. Rab1 {[%clk 1:26:51]} 1/2-1/2

[Event "European Women's Championship"]
[Site "Vysoke Tatry"]
[Date "2018.04.16"]
[Round "8"]
[White "Fataliyeva, Ulviyya"]
[Black "Maltsevskaya, Aleksandra"]
[Result "1-0"]
[Board "28"]
[WhiteElo "2361"]
[WhiteTitle "WGM"]
[WhiteCountry "AZE"]
[WhiteFideId "13403052"]
[WhiteEloChange "7"]
[BlackElo "2237"]
[BlackCountry "RUS"]
[BlackFideId "24174041"]
[BlackEloChange "-7"]

1. e4 {[%clk 1:30:57]} c5 {[%clk 1:30:54]} 2. Nf3 {[%clk 1:31:24]} d6 {[%clk
1:31:18]} 3. Bb5+ {[%clk 1:31:38]} Bd7 {[%clk 1:29:55]} 4. c4 {[%clk 1:32:01]}
Nc6 {[%clk 1:24:29]} 5. d4 {[%clk 1:31:31]} cxd4 {[%clk 1:22:29]} 6. Nxd4 {[%clk
1:31:40]} Nf6 {[%clk 1:22:33]} 7. Nc3 {[%clk 1:31:36]} g6 {[%clk 1:22:47]} 8. h3
{[%clk 1:31:01]} Bg7 {[%clk 1:22:20]} 9. Be3 {[%clk 1:31:24]} O-O {[%clk
1:21:13]} 10. O-O {[%clk 1:31:44]} Rc8 {[%clk 1:17:23]} 11. Bxc6 {[%clk 1:25:17]}
bxc6 {[%clk 1:17:25]} 12. c5 {[%clk 1:25:34]} dxc5 {[%clk 1:02:19]} 13. Nb3
{[%clk 1:22:53]} c4 {[%clk 0:53:11]} 14. Nc5 {[%clk 1:22:52]} Qc7 {[%clk
0:53:31]} 15. Qa4 {[%clk 1:20:25]} Rfd8 {[%clk 0:47:31]} 16. Qxc4 {[%clk
1:19:59]} Be8 {[%clk 0:47:30]} 17. Rac1 {[%clk 1:14:12]} Nd7 {[%clk 0:33:17]} 18.
Nxd7 {[%clk 1:06:29]} Qxd7 {[%clk 0:27:24]} 19. Na4 {[%clk 0:50:47]} c5 {[%clk
0:22:23]} 20. Nxc5 {[%clk 0:48:34]} Qb5 {[%clk 0:20:52]} 21. Qxb5 {[%clk
0:46:55]} Bxb5 {[%clk 0:21:16]} 22. Rfd1 {[%clk 0:46:43]} Rxd1+ {[%clk 0:13:32]}
23. Rxd1 {[%clk 0:47:11]} a5 {[%clk 0:12:08]} 24. b3 {[%clk 0:38:13]} f5 {[%clk
0:05:26]} 25. exf5 {[%clk 0:36:01]} gxf5 {[%clk 0:05:52]} 26. Ne6 {[%clk
0:36:16]} Bf6 {[%clk 0:04:52]} 27. Rd5 {[%clk 0:35:59]} Bc6 {[%clk 0:01:59]} 28.
Rxa5 {[%clk 0:35:52]} Kf7 {[%clk 0:02:20]} 29. Nf4 {[%clk 0:33:23]} Be4 {[%clk
0:01:27]} 30. f3 {[%clk 0:28:09]} Bb1 {[%clk 0:01:18]} 31. Nd5 {[%clk 0:27:32]}
Bh4 {[%clk 0:01:30]} 32. Ra4 {[%clk 0:22:24]} Bg3 {[%clk 0:01:22]} 33. Bf4 {[%clk
0:21:19]} Bxf4 {[%clk 0:01:13]} 34. Nxf4 {[%clk 0:21:40]} Rc1+ {[%clk 0:01:01]}
35. Kh2 {[%clk 0:21:59]} e5 {[%clk 0:01:18]} 36. Ra7+ {[%clk 0:20:50]} Kf6 {[%clk
0:01:30]} 37. Ra6+ {[%clk 0:17:27]} Kf7 {[%clk 0:01:48]} 38. Nd5 {[%clk 0:17:23]}
Kg7 {[%clk 0:00:40]} 39. h4 {[%clk 0:17:14]} e4 {[%clk 0:00:59]} 40. fxe4 {[%clk
0:45:57]} Bxe4 {[%clk 0:31:26]} 41. Ra7+ {[%clk 0:45:52]} Kg6 {[%clk 0:29:50]}
42. Nf4+ {[%clk 0:45:41]} Kf6 {[%clk 0:30:15]} 43. Ra5 {[%clk 0:41:44]} Rc2
{[%clk 0:29:31]} 44. b4 {[%clk 0:40:59]} Rb2 {[%clk 0:21:09]} 45. a3 {[%clk
0:40:38]} Ke7 {[%clk 0:21:08]} 46. Ra6 {[%clk 0:39:58]} Rb3 {[%clk 0:19:53]} 47.
h5 {[%clk 0:39:56]} Rb2 {[%clk 0:16:10]} 48. Kg3 {[%clk 0:40:00]} h6 {[%clk
0:13:17]} 49. Ng6+ {[%clk 0:34:36]} Ke8 {[%clk 0:11:17]} 50. Nh4 {[%clk 0:34:18]}
Kf7 {[%clk 0:08:55]} 51. Rxh6 {[%clk 0:32:32]} Rb3+ {[%clk 0:08:21]} 52. Kf4
{[%clk 0:32:53]} Rxa3 {[%clk 0:08:48]} 53. g4 {[%clk 0:32:55]} Rb3 {[%clk
0:01:23]} 54. Rb6 {[%clk 0:33:02]} fxg4 {[%clk 0:01:25]} 55. Kxe4 {[%clk
0:33:14]} Rh3 {[%clk 0:01:29]} 56. Ng6 {[%clk 0:31:20]} Rxh5 {[%clk 0:00:37]} 57.
Ne5+ {[%clk 0:31:38]} Ke7 {[%clk 0:01:05]} 58. Nxg4 {[%clk 0:31:42]} Rh4 {[%clk
0:01:18]} 59. Rg6 {[%clk 0:30:57]} Kd7 {[%clk 0:01:09]} 60. b5 {[%clk 0:31:10]}
Kc7 {[%clk 0:01:36]} 61. Kd5 {[%clk 0:31:09]} Rh1 {[%clk 0:01:39]} 62. Ne5 {[%clk
0:31:22]} Rh5 {[%clk 0:01:28]} 63. Re6 {[%clk 0:31:18]} Kb7 {[%clk 0:01:34]} 64.
Kc5 {[%clk 0:31:40]} Rh7 {[%clk 0:02:01]} 65. Nc4 {[%clk 0:31:43]} Rh5+ {[%clk
0:01:29]} 66. Re5 {[%clk 0:32:05]} Rh7 {[%clk 0:01:31]} 67. Nd6+ {[%clk 0:32:21]}
Ka7 {[%clk 0:01:51]} 68. b6+ {[%clk 0:32:35]} Ka6 {[%clk 0:02:16]} 69. Re8 {[%clk
0:32:40]} Ra7 {[%clk 0:00:31]} 70. bxa7 {[%clk 0:32:59]} Kxa7 {[%clk 0:00:58]}
71. Kc6 {[%clk 0:33:21]} 1-0

[Event "European Women's Championship"]
[Site "Vysoke Tatry"]
[Date "2018.04.16"]
[Round "8"]
[White "Balajayeva, Khanim"]
[Black "Solozhenkina, Elizaveta"]
[Result "1-0"]
[Board "29"]
[WhiteElo "2348"]
[WhiteTitle "WFM"]
[WhiteCountry "AZE"]
[WhiteFideId "13406396"]
[WhiteEloChange "7"]
[BlackElo "2236"]
[BlackTitle "WIM"]
[BlackCountry "RUS"]
[BlackFideId "34106615"]
[BlackEloChange "-7"]

1. e4 {[%clk 1:30:58]} d6 {[%clk 1:30:56]} 2. d4 {[%clk 1:31:16]} Nf6 {[%clk
1:31:22]} 3. Nc3 {[%clk 1:30:06]} g6 {[%clk 1:31:47]} 4. g3 {[%clk 1:30:34]} Bg7
{[%clk 1:32:05]} 5. Bg2 {[%clk 1:31:00]} O-O {[%clk 1:32:24]} 6. Nge2 {[%clk
1:31:27]} Nbd7 {[%clk 1:32:18]} 7. O-O {[%clk 1:31:34]} c5 {[%clk 1:32:44]} 8. h3
{[%clk 1:30:16]} Rb8 {[%clk 1:32:39]} 9. a4 {[%clk 1:28:09]} cxd4 {[%clk
1:32:14]} 10. Nxd4 {[%clk 1:26:10]} Ne5 {[%clk 1:32:28]} 11. Qe2 {[%clk 1:11:04]}
Bd7 {[%clk 1:25:35]} 12. Rd1 {[%clk 1:02:39]} Nc6 {[%clk 1:06:50]} 13. Be3 {[%clk
0:55:53]} a6 {[%clk 0:54:56]} 14. Rab1 {[%clk 0:46:10]} Qc7 {[%clk 0:49:22]} 15.
g4 {[%clk 0:41:41]} h6 {[%clk 0:34:11]} 16. f4 {[%clk 0:36:46]} e5 {[%clk
0:23:03]} 17. Nf3 {[%clk 0:31:18]} Nb4 {[%clk 0:15:27]} 18. Qd2 {[%clk 0:28:03]}
Bc6 {[%clk 0:15:17]} 19. fxe5 {[%clk 0:24:26]} dxe5 {[%clk 0:14:48]} 20. Bc5
{[%clk 0:23:49]} Rfd8 {[%clk 0:12:49]} 21. Qf2 {[%clk 0:24:01]} Rxd1+ {[%clk
0:10:29]} 22. Rxd1 {[%clk 0:24:21]} Bf8 {[%clk 0:10:16]} 23. Bxf8 {[%clk
0:13:24]} Rxf8 {[%clk 0:09:29]} 24. Qc5 {[%clk 0:13:14]} a5 {[%clk 0:04:23]} 25.
Nxe5 {[%clk 0:12:13]} Re8 {[%clk 0:03:59]} 26. Nxc6 {[%clk 0:11:50]} bxc6 {[%clk
0:03:24]} 27. Nd5 {[%clk 0:04:42]} Nfxd5 {[%clk 0:02:48]} 28. exd5 {[%clk
0:05:09]} Qe5 {[%clk 0:01:35]} 29. Qd4 {[%clk 0:03:20]} Qe2 {[%clk 0:00:48]} 30.
dxc6 {[%clk 0:01:28]} Qxc2 {[%clk 0:00:47]} 31. Rf1 {[%clk 0:01:44]} Re2 {[%clk
0:00:46]} 32. Qd8+ {[%clk 0:02:10]} Kg7 {[%clk 0:01:13]} 33. Qf6+ {[%clk
0:02:36]} 1-0

[Event "European Women's Championship"]
[Site "Vysoke Tatry"]
[Date "2018.04.16"]
[Round "8"]
[White "Arda, Cagil Irmak"]
[Black "Arakhamia-Grant, Ketevan"]
[Result "1/2-1/2"]
[Board "30"]
[WhiteElo "2199"]
[WhiteTitle "WFM"]
[WhiteCountry "TUR"]
[WhiteFideId "6351700"]
[WhiteEloChange "4"]
[BlackElo "2347"]
[BlackTitle "GM"]
[BlackCountry "SCO"]
[BlackFideId "13600168"]
[BlackEloChange "-4"]

1. e4 {[%clk 1:30:19]} c5 {[%clk 1:30:52]} 2. Nf3 {[%clk 1:30:42]} d6 {[%clk
1:31:17]} 3. Bb5+ {[%clk 1:30:36]} Nd7 {[%clk 1:31:38]} 4. O-O {[%clk 1:30:53]}
a6 {[%clk 1:31:31]} 5. Bd3 {[%clk 1:31:16]} Ngf6 {[%clk 1:31:42]} 6. Re1 {[%clk
1:31:29]} b5 {[%clk 1:31:48]} 7. c4 {[%clk 1:31:42]} Rb8 {[%clk 1:31:50]} 8. Bf1
{[%clk 1:29:16]} e5 {[%clk 1:27:05]} 9. d3 {[%clk 1:16:10]} Be7 {[%clk 1:26:02]}
10. g3 {[%clk 1:14:31]} O-O {[%clk 1:13:06]} 11. Bg2 {[%clk 1:12:50]} Nb6 {[%clk
0:56:01]} 12. b3 {[%clk 1:10:37]} b4 {[%clk 0:55:50]} 13. Nbd2 {[%clk 1:02:36]}
Ne8 {[%clk 0:53:01]} 14. Nf1 {[%clk 0:55:57]} f5 {[%clk 0:52:14]} 15. exf5 {[%clk
0:55:45]} Bxf5 {[%clk 0:52:35]} 16. Ne3 {[%clk 0:56:08]} Bg6 {[%clk 0:52:41]} 17.
Qe2 {[%clk 0:53:01]} Bh5 {[%clk 0:36:51]} 18. Nf1 {[%clk 0:47:01]} Nc7 {[%clk
0:34:52]} 19. Qe3 {[%clk 0:43:25]} Ne6 {[%clk 0:29:55]} 20. Bb2 {[%clk 0:37:47]}
Bf6 {[%clk 0:29:11]} 21. N1d2 {[%clk 0:32:44]} Kh8 {[%clk 0:29:16]} 22. Ne4
{[%clk 0:29:28]} Nd4 {[%clk 0:26:16]} 23. Nxd4 {[%clk 0:26:08]} exd4 {[%clk
0:25:56]} 24. Qd2 {[%clk 0:26:05]} Be7 {[%clk 0:25:18]} 25. Bc1 {[%clk 0:22:03]}
h6 {[%clk 0:22:16]} 26. Qc2 {[%clk 0:21:19]} d5 {[%clk 0:17:14]} 27. Nd2 {[%clk
0:20:22]} Bf6 {[%clk 0:06:38]} 28. cxd5 {[%clk 0:18:03]} Rc8 {[%clk 0:06:38]} 29.
d6 {[%clk 0:15:10]} Qxd6 {[%clk 0:06:38]} 30. Nc4 {[%clk 0:14:55]} Nxc4 {[%clk
0:06:23]} 31. Qxc4 {[%clk 0:15:02]} Bf7 {[%clk 0:05:26]} 32. Qc2 {[%clk 0:15:22]}
Be5 {[%clk 0:02:06]} 33. Bd2 {[%clk 0:09:15]} a5 {[%clk 0:02:25]} 34. Rac1 {[%clk
0:09:31]} Qf6 {[%clk 0:02:39]} 35. f4 {[%clk 0:07:29]} Bd6 {[%clk 0:03:05]} 36.
Be4 {[%clk 0:06:58]} Rc7 {[%clk 0:02:51]} 37. Rf1 {[%clk 0:06:19]} Re8 {[%clk
0:02:06]} 38. Rce1 {[%clk 0:04:56]} Rb8 {[%clk 0:02:08]} 39. Rb1 {[%clk 0:03:49]}
Ra7 {[%clk 0:01:23]} 40. Be1 {[%clk 0:31:53]} Bg8 {[%clk 0:31:04]} 41. Qg2 {[%clk
0:30:36]} a4 {[%clk 0:28:15]} 42. Bd5 {[%clk 0:30:01]} axb3 {[%clk 0:16:59]} 43.
axb3 {[%clk 0:27:39]} Qf5 {[%clk 0:13:11]} 44. Be4 {[%clk 0:23:28]} Qf7 {[%clk
0:13:23]} 45. f5 {[%clk 0:21:40]} Ra3 {[%clk 0:11:30]} 46. f6 {[%clk 0:21:26]}
gxf6 {[%clk 0:07:44]} 47. Qh3 {[%clk 0:19:11]} Qg7 {[%clk 0:07:19]} 48. Bd2
{[%clk 0:19:16]} Bf8 {[%clk 0:07:45]} 49. Qh4 {[%clk 0:16:54]} Ra2 {[%clk
0:07:25]} 50. Rf2 {[%clk 0:15:46]} Ra6 {[%clk 0:04:02]} 51. Rbf1 {[%clk 0:09:04]}
Rbb6 {[%clk 0:02:11]} 52. Rf5 {[%clk 0:09:04]} Bf7 {[%clk 0:01:23]} 53. R1f4
{[%clk 0:08:29]} Ra1+ {[%clk 0:01:28]} 54. Kf2 {[%clk 0:08:23]} Ra2 {[%clk
0:01:32]} 55. Ke1 {[%clk 0:08:35]} Ra1+ {[%clk 0:01:59]} 56. Ke2 {[%clk 0:08:52]}
Bxb3 {[%clk 0:01:35]} 57. Rxf6 {[%clk 0:07:23]} Be7 {[%clk 0:01:18]} 58. Rxb6
{[%clk 0:07:05]} Bxh4 {[%clk 0:01:39]} 59. Rb8+ {[%clk 0:06:22]} Bg8 {[%clk
0:02:04]} 60. Rxh4 {[%clk 0:05:59]} Ra2 {[%clk 0:01:01]} 61. Kd1 {[%clk 0:05:43]}
Ra1+ {[%clk 0:01:18]} 62. Ke2 {[%clk 0:02:24]} Ra6 {[%clk 0:01:26]} 63. Bf4
{[%clk 0:01:28]} Qe7 {[%clk 0:00:41]} 64. Rb7 {[%clk 0:01:05]} Qe6 {[%clk
0:00:42]} 65. Bxh6 {[%clk 0:00:45]} Qxh6 {[%clk 0:00:48]} 66. Rxh6+ {[%clk
0:01:00]} Rxh6 {[%clk 0:01:16]} 67. h4 {[%clk 0:01:21]} b3 {[%clk 0:01:24]} 68.
Rb8 {[%clk 0:01:31]} Kg7 {[%clk 0:01:06]} 69. Rb7+ {[%clk 0:01:57]} Kh8 {[%clk
0:01:23]} 70. Rb8 {[%clk 0:02:18]} Kg7 {[%clk 0:01:50]} 71. Rb7+ {[%clk 0:02:46]}
Kh8 {[%clk 0:00:40]} 72. Rb8 {[%clk 0:02:50]} 1/2-1/2

[Event "European Women's Championship"]
[Site "Vysoke Tatry"]
[Date "2018.04.16"]
[Round "8"]
[White "Bodnaruk, Anastasia"]
[Black "Sucikova, Svetlana"]
[Result "1-0"]
[Board "31"]
[WhiteElo "2460"]
[WhiteTitle "IM"]
[WhiteCountry "RUS"]
[WhiteFideId "4181751"]
[WhiteEloChange "1"]
[BlackElo "2107"]
[BlackTitle "WFM"]
[BlackCountry "SVK"]
[BlackFideId "14923653"]
[BlackEloChange "-2"]

1. e4 {[%clk 1:30:58]} c6 {[%clk 1:30:22]} 2. d4 {[%clk 1:31:24]} d5 {[%clk
1:30:26]} 3. e5 {[%clk 1:31:50]} c5 {[%clk 1:29:52]} 4. dxc5 {[%clk 1:31:14]} Nc6
{[%clk 1:29:41]} 5. Bb5 {[%clk 1:30:43]} a6 {[%clk 1:24:24]} 6. Bxc6+ {[%clk
1:24:37]} bxc6 {[%clk 1:24:45]} 7. Be3 {[%clk 1:24:03]} Rb8 {[%clk 1:24:07]} 8.
Bd4 {[%clk 1:19:46]} Bf5 {[%clk 1:21:46]} 9. Ne2 {[%clk 1:17:25]} e6 {[%clk
1:17:50]} 10. O-O {[%clk 1:16:05]} Qc7 {[%clk 1:10:17]} 11. Nd2 {[%clk 1:08:16]}
Ne7 {[%clk 1:09:00]} 12. Ng3 {[%clk 0:58:10]} Bg6 {[%clk 1:08:45]} 13. Nf3 {[%clk
0:56:48]} Nf5 {[%clk 1:05:57]} 14. Nxf5 {[%clk 0:55:10]} Bxf5 {[%clk 1:05:26]}
15. a3 {[%clk 0:44:30]} a5 {[%clk 1:02:48]} 16. Nh4 {[%clk 0:42:15]} Be4 {[%clk
1:02:12]} 17. f3 {[%clk 0:42:08]} Bg6 {[%clk 1:01:23]} 18. b3 {[%clk 0:30:07]}
Be7 {[%clk 0:56:25]} 19. Nxg6 {[%clk 0:30:34]} hxg6 {[%clk 0:56:44]} 20. f4
{[%clk 0:30:43]} Rb5 {[%clk 0:49:24]} 21. a4 {[%clk 0:28:55]} Rb8 {[%clk
0:48:07]} 22. Qd2 {[%clk 0:27:10]} Qa7 {[%clk 0:47:54]} 23. Qe3 {[%clk 0:26:16]}
Rb4 {[%clk 0:46:32]} 24. Kh1 {[%clk 0:26:10]} Rh4 {[%clk 0:43:39]} 25. g3 {[%clk
0:23:18]} Rh5 {[%clk 0:41:00]} 26. Rab1 {[%clk 0:22:13]} Kd7 {[%clk 0:40:49]} 27.
Kg2 {[%clk 0:18:08]} Rb8 {[%clk 0:40:33]} 28. g4 {[%clk 0:15:41]} Rh4 {[%clk
0:40:21]} 29. h3 {[%clk 0:16:10]} Rb7 {[%clk 0:37:56]} 30. Rf2 {[%clk 0:13:48]}
Rh8 {[%clk 0:36:58]} 31. Rf3 {[%clk 0:10:00]} Rb4 {[%clk 0:35:57]} 32. f5 {[%clk
0:07:51]} gxf5 {[%clk 0:32:09]} 33. gxf5 {[%clk 0:08:21]} Rh4 {[%clk 0:32:27]}
34. c3 {[%clk 0:08:35]} Rb8 {[%clk 0:32:50]} 35. fxe6+ {[%clk 0:01:15]} fxe6
{[%clk 0:31:17]} 36. Rf7 {[%clk 0:01:18]} Rbh8 {[%clk 0:31:03]} 37. Rf3 {[%clk
0:00:39]} g5 {[%clk 0:31:02]} 38. Rbf1 {[%clk 0:00:33]} Qa6 {[%clk 0:29:16]} 39.
Qd3 {[%clk 0:00:33]} Qxd3 {[%clk 0:27:45]} 40. Rxd3 {[%clk 0:31:02]} g4 {[%clk
0:57:38]} 41. b4 {[%clk 0:19:31]} gxh3+ {[%clk 0:57:07]} 42. Kh2 {[%clk 0:19:48]}
axb4 {[%clk 0:56:48]} 43. cxb4 {[%clk 0:20:15]} Re4 {[%clk 0:52:16]} 44. b5
{[%clk 0:10:19]} Ra8 {[%clk 0:44:22]} 45. b6 {[%clk 0:07:38]} Rxa4 {[%clk
0:44:44]} 46. Rb1 {[%clk 0:07:33]} Kc8 {[%clk 0:44:04]} 47. Rg3 {[%clk 0:03:15]}
Rf4 {[%clk 0:36:19]} 48. Rg7 {[%clk 0:01:55]} Raxd4 {[%clk 0:26:55]} 49. Rxe7
{[%clk 0:02:22]} Kb8 {[%clk 0:26:47]} 50. Re8+ {[%clk 0:01:15]} Kb7 {[%clk
0:27:10]} 51. Re7+ {[%clk 0:01:44]} Kb8 {[%clk 0:27:34]} 52. Rxe6 {[%clk
0:00:33]} Rfe4 {[%clk 0:23:37]} 53. Ra1 {[%clk 0:00:32]} Ra4 {[%clk 0:21:06]} 54.
Rxa4 {[%clk 0:00:59]} Rxa4 {[%clk 0:21:31]} 55. Rxc6 {[%clk 0:01:21]} Re4 {[%clk
0:21:05]} 56. Rd6 {[%clk 0:01:01]} Rxe5 {[%clk 0:20:03]} 57. c6 {[%clk 0:01:28]}
Kc8 {[%clk 0:20:30]} 58. b7+ {[%clk 0:01:15]} Kc7 {[%clk 0:20:55]} 59. Rd7+
{[%clk 0:00:52]} Kxc6 {[%clk 0:19:48]} 60. b8Q {[%clk 0:01:20]} 1-0

[Event "European Women's Championship"]
[Site "Vysoke Tatry"]
[Date "2018.04.16"]
[Round "8"]
[White "Martynkova, Olena"]
[Black "Kashlinskaya, Alina"]
[Result "0-1"]
[Board "32"]
[WhiteElo "2280"]
[WhiteTitle "WIM"]
[WhiteCountry "UKR"]
[WhiteFideId "14134039"]
[WhiteEloChange "-5"]
[BlackElo "2450"]
[BlackTitle "IM"]
[BlackCountry "RUS"]
[BlackFideId "4198026"]
[BlackEloChange "3"]

1. d4 {[%clk 1:30:56]} Nf6 {[%clk 1:30:54]} 2. g3 {[%clk 1:31:06]} d5 {[%clk
1:30:50]} 3. Nf3 {[%clk 1:30:59]} e6 {[%clk 1:30:39]} 4. Bg2 {[%clk 1:30:23]} b5
{[%clk 1:30:32]} 5. O-O {[%clk 1:26:59]} Nbd7 {[%clk 1:30:04]} 6. b3 {[%clk
1:22:23]} Bb7 {[%clk 1:28:43]} 7. Bb2 {[%clk 1:16:02]} c5 {[%clk 1:26:58]} 8.
dxc5 {[%clk 1:09:09]} Bxc5 {[%clk 1:26:50]} 9. Nd4 {[%clk 1:07:46]} Qb6 {[%clk
1:20:21]} 10. a4 {[%clk 0:58:44]} a6 {[%clk 1:16:20]} 11. e3 {[%clk 0:52:49]} O-O
{[%clk 1:09:58]} 12. Nd2 {[%clk 0:45:47]} e5 {[%clk 1:04:33]} 13. Nf5 {[%clk
0:39:52]} Qe6 {[%clk 1:01:10]} 14. Bh3 {[%clk 0:32:10]} Kh8 {[%clk 1:00:08]} 15.
g4 {[%clk 0:25:38]} g6 {[%clk 0:45:37]} 16. Ng3 {[%clk 0:21:15]} h5 {[%clk
0:44:47]} 17. Nf3 {[%clk 0:19:52]} Nh7 {[%clk 0:42:13]} 18. Re1 {[%clk 0:11:50]}
Kg8 {[%clk 0:37:35]} 19. Nd2 {[%clk 0:02:20]} Ng5 {[%clk 0:36:37]} 20. Bg2 {[%clk
0:00:48]} hxg4 {[%clk 0:36:34]} 21. e4 {[%clk 0:00:38]} f5 {[%clk 0:31:15]} 22.
exf5 {[%clk 0:00:38]} gxf5 {[%clk 0:31:33]} 23. c4 {[%clk 0:00:33]} bxc4 {[%clk
0:24:15]} 24. Nxc4 {[%clk 0:00:37]} f4 {[%clk 0:22:46]} 25. Nh5 {[%clk 0:00:36]}
f3 {[%clk 0:19:28]} 26. Qd2 {[%clk 0:00:51]} Qh6 {[%clk 0:18:56]} 27. Nxe5 {[%clk
0:00:34]} fxg2 {[%clk 0:16:23]} 28. Nf4 {[%clk 0:00:34]} Nh3+ {[%clk 0:15:14]}
29. Kxg2 {[%clk 0:00:47]} Nxf4+ {[%clk 0:15:33]} 0-1

[Event "European Women's Championship"]
[Site "Vysoke Tatry"]
[Date "2018.04.16"]
[Round "8"]
[White "Zawadzka, Jolanta"]
[Black "Paramzina, Anastasya"]
[Result "1-0"]
[Board "33"]
[WhiteElo "2442"]
[WhiteTitle "WGM"]
[WhiteCountry "POL"]
[WhiteFideId "1122320"]
[WhiteEloChange "3"]
[BlackElo "2271"]
[BlackTitle "WGM"]
[BlackCountry "RUS"]
[BlackFideId "4165012"]
[BlackEloChange "-5"]

1. e4 {[%clk 1:30:57]} c5 {[%clk 1:29:53]} 2. Nf3 {[%clk 1:31:20]} d6 {[%clk
1:30:20]} 3. d4 {[%clk 1:31:41]} cxd4 {[%clk 1:30:47]} 4. Nxd4 {[%clk 1:32:05]}
Nf6 {[%clk 1:31:14]} 5. Nc3 {[%clk 1:32:29]} a6 {[%clk 1:31:41]} 6. Be2 {[%clk
1:32:50]} e6 {[%clk 1:31:24]} 7. Be3 {[%clk 1:33:12]} Be7 {[%clk 1:31:31]} 8. f4
{[%clk 1:33:26]} Qc7 {[%clk 1:31:19]} 9. g4 {[%clk 1:26:34]} b5 {[%clk 1:26:47]}
10. g5 {[%clk 1:25:46]} Nfd7 {[%clk 1:25:58]} 11. a3 {[%clk 1:25:50]} Bb7 {[%clk
1:24:25]} 12. Qd2 {[%clk 1:20:53]} Nc6 {[%clk 1:23:52]} 13. Nxc6 {[%clk 1:04:44]}
Bxc6 {[%clk 1:22:01]} 14. O-O-O {[%clk 1:03:08]} Nc5 {[%clk 1:18:17]} 15. Bf3
{[%clk 1:00:11]} a5 {[%clk 1:10:56]} 16. Bxc5 {[%clk 0:34:29]} dxc5 {[%clk
1:10:21]} 17. Qe3 {[%clk 0:34:01]} O-O {[%clk 0:58:45]} 18. e5 {[%clk 0:30:24]}
b4 {[%clk 0:55:59]} 19. Bxc6 {[%clk 0:27:00]} Qxc6 {[%clk 0:55:53]} 20. Qe4
{[%clk 0:27:24]} Qa6 {[%clk 0:30:57]} 21. Nb1 {[%clk 0:27:09]} Rfd8 {[%clk
0:26:20]} 22. a4 {[%clk 0:24:04]} c4 {[%clk 0:23:31]} 23. Nd2 {[%clk 0:23:04]} c3
{[%clk 0:15:31]} 24. Nb3 {[%clk 0:23:25]} Rac8 {[%clk 0:14:29]} 25. h4 {[%clk
0:19:22]} g6 {[%clk 0:11:49]} 26. Kb1 {[%clk 0:17:14]} cxb2 {[%clk 0:07:59]} 27.
Kxb2 {[%clk 0:16:04]} Qc4 {[%clk 0:03:18]} 28. Qxc4 {[%clk 0:09:30]} Rxc4 {[%clk
0:03:44]} 29. Nxa5 {[%clk 0:09:55]} Rxd1 {[%clk 0:01:59]} 30. Rxd1 {[%clk
0:10:19]} Rxf4 {[%clk 0:02:23]} 31. Rd7 {[%clk 0:04:17]} Bc5 {[%clk 0:02:39]} 32.
Nb3 {[%clk 0:04:11]} Be3 {[%clk 0:02:15]} 33. a5 {[%clk 0:02:27]} Rc4 {[%clk
0:01:04]} 34. a6 {[%clk 0:02:22]} Rc8 {[%clk 0:01:03]} 35. Na5 {[%clk 0:02:12]}
Bb6 {[%clk 0:00:53]} 36. a7 {[%clk 0:00:45]} Bxa5 {[%clk 0:00:33]} 37. Rb7 {[%clk
0:01:11]} Bc7 {[%clk 0:00:32]} 38. Rxc7 {[%clk 0:01:28]} Ra8 {[%clk 0:00:50]} 39.
Kb3 {[%clk 0:01:42]} 1-0